000 01292cam a22002054a 4500
005 20250605163957.0
008 250528s ||||||||||||||||||||||||d
035 _a15511
020 _a6216761
040 _aGR-AtMCL
_bgre
_dGR-AtMCL
_eAACR2
245 1 _aManufacturing Planning and Estimating Handbook / A Comprehensive Work on the Techniques for Analysing the Methods of Manufacturing a Product and Estmating Its Manufacturing Cost
260 _bMcgraw Hill Book Company,
_c1963
505 0 _aPreface, Manufacturing Analysis, Cost Estimating, Examples of Cost Estimates, Manufacturing Processing, Planning for Quality, Paperwork Systems, Methods Engineering, Planning for Tool Design, Plant Layout, Standards, Tolerance Charts, Linear Programming, Machine and Tookl Replacement Practices, Nomograms, Reference Tables.
520 _aPreface, Manufacturing Analysis, Cost Estimating, Examples of Cost Estimates, Manufacturing Processing, Planning for Quality, Paperwork Systems, Methods Engineering, Planning for Tool Design, Plant Layout, Standards, Tolerance Charts, Linear Programming, Machine and Tookl Replacement Practices, Nomograms, Reference Tables.
700 1 _aHarvey Philip D
_91445
700 1 _aWilson Frank W
_91446
942 _cBK
999 _c1087
_d1087